[Event "GER-chT Lands U20"]
[Site "Tuebingen"]
[Date "2024.10.06"]
[Round "7"]
[White "Wartenberg, Alissa"]
[Black "Wang, Enya Marie"]
[Result "1-0"]
[WhiteElo "1813"]
[BlackElo "1613"]
[PlyCount "97"]
[EventDate "2024.10.03"]
[EventType "team-swiss"]
[EventRounds "7"]
[EventCountry "GER"]
[SourceTitle "CB47_2024"]
[SourceDate "2024.11.20"]
[SourceVersion "1"]
[SourceVersionDate "2024.11.20"]
[SourceQuality "1"]

1. e4 e5 2. Nf3 Nc6 3. Bb5 a6 4. Ba4 d6 5. d4 b5 6. Bb3 Nxd4 7. Nxd4 exd4 8. Bd5 Rb8 9. Qxd4 Nf6 10. 0-0 Bd7 11. a3 Nxd5 12. exd5 f6 13. Re1+ Be7 14. c4 0-0 15. cxb5 axb5 16. Bd2 f5 17. Bc3 Bf6 18. Qd3 f4 19. Nd2 Bxc3 20. Qxc3 Qg5 21. Nf3 Qxd5 22. Re7 Rf7 23. Rxf7 Kxf7 24. Qxc7 Rb7 25. Qc3 Bc6 26. Qc2 h6 27. Rd1 Qc5 28. Qxc5 dxc5 29. Ne5+ Kf6 30. Nxc6 Rc7 31. Rd6+ Kf7 32. Ne5+ Ke7 33. Rc6 Rxc6 34. Nxc6+ Kd6 35. Nd8 Kd5 36. Kf1 Kc4 37. Ne6 b4 38. a4 b3 39. a5 Kb5 40. a6 Kxa6 41. Nxc5+ Kb5 42. Nxb3 Kc4 43. Nd2+ Kd3 44. b4 Kxd2 45. b5 f3 46. b6 fxg2+ 47. Kxg2 g5 48. b7 g4 49. b8Q 1-0

[Event "GER-ch U12 Girls"]
[Site "Willingen"]
[Date "2024.05.25"]
[Round "9"]
[White "Komar, Valeriia"]
[Black "Wang, Enya Marie"]
[Result "1-0"]
[WhiteElo "1767"]
[BlackElo "1614"]
[PlyCount "127"]
[EventDate "2024.05.19"]
[EventType "swiss"]
[EventRounds "9"]
[EventCountry "GER"]
[SourceTitle "CBM 220 Extra"]
[Source "ChessBase"]
[SourceDate "2024.07.31"]
[SourceVersion "1"]
[SourceVersionDate "2024.07.31"]
[SourceQuality "1"]

1. e4 e5 2. Nf3 Nc6 3. Bb5 a6 4. Ba4 Nf6 5. Qe2 b5 6. Bb3 Bc5 7. 0-0 0-0 8. c3 d5 9. exd5 e4 10. Ng5 Bg4 11. Qe1 Nxd5 12. Qxe4 Qxg5 13. d4 Qh5 14. Qxd5 Bd6 15. Qxh5 Bxh5 16. Bd5 Be2 17. Re1 Rae8 18. Bxc6 Re6 19. Bd5 Ree8 20. Be3 Bd3 21. Nd2 Kh8 22. Nf3 b4 23. Ng5 Re7 24. Bd2 bxc3 25. Bxc3 Rd7 26. Re3 Bxh2+ 27. Kxh2 Rxd5 28. Nxf7+ Kg8 29. Rxd3 Rxf7 30. f3 c5 31. Rad1 Rfd7 32. Kg3 cxd4 33. Rxd4 Rg5+ 34. Kf2 Rxd4 35. Rxd4 Rg6 36. Rd8+ Kf7 37. Rd7+ Kf8 38. Bb4+ Ke8 39. Rd6 Rxd6 40. Bxd6 Kd7 41. Be5 g6 42. Ke3 Ke6 43. Ke4 Kd7 44. Kd5 Kd8 45. Ke6 Ke8 46. Kf6 Kf8 47. Kg5 Kf7 48. Kh6 Kg8 49. Bg7 Kf7 50. Kxh7 g5 51. Kh6 Kg8 52. Bd4 a5 53. Kxg5 Kh7 54. g4 a4 55. a3 Kg8 56. Kg6 Kf8 57. f4 Kg8 58. f5 Kf8 59. Bg7+ Kg8 60. Bh6 Kh8 61. f6 Kg8 62. g5 Kh8 63. Bg7+ Kg8 64. f7# 1-0

[Event "GER-ch U12 Girls"]
[Site "Willingen"]
[Date "2024.05.22"]
[Round "6"]
[White "Wang, Enya Marie"]
[Black "Schmidt, Sophie"]
[Result "1/2-1/2"]
[WhiteElo "1614"]
[BlackElo "1257"]
[PlyCount "93"]
[EventDate "2024.05.19"]
[EventType "swiss"]
[EventRounds "9"]
[EventCountry "GER"]
[SourceTitle "CBM 220 Extra"]
[Source "ChessBase"]
[SourceDate "2024.07.31"]
[SourceVersion "1"]
[SourceVersionDate "2024.07.31"]
[SourceQuality "1"]

1. e4 e5 2. Nf3 Nc6 3. Bc4 Bc5 4. c3 Nf6 5. d4 exd4 6. e5 d5 7. Bb5 Ne4 8. cxd4 Bb6 9. h3 0-0 10. 0-0 Bd7 11. Bxc6 bxc6 12. Nc3 Nxc3 13. bxc3 c5 14. Be3 cxd4 15. cxd4 Bb5 16. Re1 Bc4 17. Nd2 Ba5 18. Qa4 Bxd2 19. Bxd2 Qe8 20. Qa3 Qd7 21. Qg3 Kh8 22. Re3 Rab8 23. a3 Rb6 24. Qf4 Rfb8 25. Bb4 Rg6 26. Rc1 Kg8 27. Rcc3 Rbb6 28. Rg3 Rbe6 29. h4 Rxg3 30. Rxg3 Rg6 31. Rxg6 hxg6 32. g4 Qe6 33. Qg5 Qb6 34. Qe3 a5 35. Bc5 Qb1+ 36. Kh2 Qd1 37. Qg3 Qe2 38. Qg2 f6 39. f4 Qe3 40. Qg3 Qd2+ 41. Qg2 Qxf4+ 42. Qg3 Qxg3+ 43. Kxg3 Kf7 44. Kf4 Ke6 45. Bf8 Kf7 46. Bc5 Ke6 47. Bf8 1/2-1/2